| 000 | 01023nmm a2200349 a 4500 | ||
|---|---|---|---|
| 003 | AR-BaBNM | ||
| 005 | 20251128211228.0 | ||
| 008 | 213020s2002 ||||||||||||||000 | spa|| | ||
| 020 | _a1-931003-44-0 | ||
| 040 | _cAR-BaBNM | ||
| 245 | 1 | 0 |
_a¨Quiénes son los maestros? _bcarreras e incentivos docentes en América Latina |
| 260 |
_aWashington _bBanco Interamericano de Desarrollo _c2002 |
||
| 300 | _avii, 358 p. | ||
| 504 | _aContiene referencias bibliográficas p. 349-358 | ||
| 650 | 4 | _aDOCENTES | |
| 650 | 4 | _aEDUCACION COMPARADA | |
| 650 | 4 | _aCONDICIONES DE TRABAJO DEL DOCENTE | |
| 650 | 4 | _aREMUNERACION DE LOS DOCENTES | |
| 650 | 4 | _aROL DEL DOCENTE | |
| 651 | 4 | _aAmérica Latina | |
| 651 | 4 | _aChile | |
| 651 | 4 | _aGuatemala | |
| 651 | 4 | _aPerú | |
| 651 | 4 | _aRepública Dominicana | |
| 651 | 4 | _aVenezuela | |
| 653 | _aCARRERA DOCENTE | ||
| 653 | _aESTADISTICAS EDUCATIVAS | ||
| 653 | _aINDICADORES EDUCATIVOS | ||
| 700 | 1 |
_aNavarro, Juan Carlos _eeditor |
|
| 942 | _cBK | ||
| 998 | _craquel | ||
| 999 |
_c18818 _d18818 |
||